000 00473nam a2200181Ia 4500
001 4115
005 20260306145732.0
008 260306t2007||||xx |||||||||||||| ||spa||
041 _aESP
082 _a306.85
_bH12 Nº 93
100 _aOrdeig Corsini, Jorge
_eAUT
245 0 _aPreparar la adolescencia :
_b¿qué puede hacer una familia cristiana?
260 _c2007
300 _a246 páginas :
_c19 cm.
650 _aGEN
654 _aCED
942 _cLIB
_dJUS
_fJUS
_2ddc
_n
999 _c4115
_d4115